000 01375nam0a2200313 4500
001 RU\NLR\b_ik\197934
005 20260408084524.0
010 _a978-5-7598-0979-1
_9500
021 _aRU
_b2012-73770
_95460
035 _a(NLR Aleph) 002270316
090 _a3941293
_c3941293
100 _a20121019d2012 |||y0rusy50 ca
101 0 _aeng
102 _aRU
105 _aa |||||||||
200 1 _aInnovative Russia - 2020
_estrategy for innovation-driven development of the Russian Federation for the period ending in 2020
_fMin. of econ. development of the Russ. Federation, Min. of education a. science of the Russ. Federation, Higher school of economic - Nat. research univ.
_g[ed. by O.V. Fomichev]
210 _aMoscow
_cHSE
_d2012
215 _a153 c.
_cцв. схем.
_d20
541 0 _aИнновации России до 2020 года
_zrus
606 1 _aИнновационная деятельность
_xПрогнозирование
_yРоссийская Федерация
_92483093
_3RU\NLR\auth\661473874
686 _aУ9(2)-55(2Р)
686 _aУ9(2)-55-230.38
702 1 _aFomičev
_bO. V.
_4340
712 0 1 _4570
_8eng
_aRussian Federation
_bMinistry of economic development
_7ba
_3RU\NLR\AUTH\8810225984
_9336530
801 0 _aRU
_bNLR
_c20121019
_gRCR
801 1 _aRU
_bNLR
_c20121019
942 _cBOOK
980 _aNB